|
|
|
|
| LEADER |
00741nam a2200181 a 4500 |
| 001 |
GR-MES1392 |
| 008 |
991111s1991 gr 000 0 gre d |
| 040 |
|
|
|a GrPaTEI
|b gre
|c GR-PaULI
|
| 100 |
1 |
|
|a Ρόκας, Ιωάννης Κ.
|
| 245 |
1 |
0 |
|a Εισαγωγή στο δίκαιο των επιχειρήσεων.
|
| 260 |
|
|
|a Αθήνα :
|b Το Οικονομικό,
|c 1991
|
| 300 |
|
|
|a 231σελ.
|
| 650 |
|
4 |
|a Δίκαιο
|
| 650 |
|
4 |
|a Επιχειρήσεις
|
| 942 |
|
|
|2 ddc
|
| 952 |
|
|
|0 0
|1 0
|2 ddc
|4 0
|6 346_065000000000000_ΡΟΚ
|7 0
|9 265544
|a MSLG
|b MSLG
|c BSC
|d 2021-01-17
|e 24
|f 0
|g 0.00
|l 0
|o 346.065 ΡΟΚ
|p 2420000001989
|r 2021-01-17 00:00:00
|t 1
|w 2021-01-17
|y BK15
|x 19991111 0 1
|x GrPaTEI
|
| 971 |
|
|
|a .b25724344
|b 16-04-20
|c 13-09-16
|
| 999 |
|
|
|c 152646
|d 152646
|